| 000 | 00510nam a2200145Ia 4500 | ||
|---|---|---|---|
| 008 | 220325s9999||||xx |||||||||||||| ||und|| | ||
| 020 | _a978-602-8733-07-6 | ||
| 084 | _a1128-0088 SOL Gov Bo | ||
| 100 | _aChabib Soleh | ||
| 245 | 0 | _aPengelolaan Keuangan dan Aset Daerah: Sebuah Pendekatan Struktural Menuju Tata Kelola Pemerintahan Yang Baik | |
| 260 |
_aBandung _bFokusmedia _c2010 |
||
| 300 | _ai-ix + 238 hlm | ||
| 650 |
_aGovernment (Pemerintahan) _eG-O-V _yTata Kelola Pemerintahan Yang Baik |
||
| 942 | _cBK | ||
| 999 |
_c18770 _d18770 |
||